Video Game Consoles by Picture - Statistics

General Stats
  • This quiz has been taken 106 times
  • The average score is 10 of 16
Answer Stats
Picture Answer % Correct
Xbox
99%
GameCube
98%
PlayStation 2
98%
PlayStation
91%
Xbox 360
91%
PlayStation 4
89%
Switch
89%
Atari 2600
82%
Xbox Series X
62%
Game Gear
54%
Sega Saturn
46%
Super Nintendo Entertainment System
41%
Atari Lynx
38%
ColecoVision
30%
Atari Jaguar
24%
3DO
15%
No matching quizzes found
Score Distribution
Percent of People with Each Score
Percentile by Number Answered
Your Score History
You have not taken this quiz